Giáo trình tội phạm học (Dùng cho sinh viên và học viên cao học ngành luật)
Sách cung cấp cho bạn đọc tài liệu nghiên cứu, tham khảo cơ bản về tội phạm học như khái niệm, đối tượng nghiên cứu, phương pháp nghiên cứu tội phạm học, ....
में बचाया:
| मुख्य लेखक: | |
|---|---|
| स्वरूप: | पुस्तक |
| भाषा: | Undetermined |
| प्रकाशित: |
Hà Nội
Chính trị Quốc gia
2012
|
| विषय: | |
| टैग : |
टैग जोड़ें
कोई टैग नहीं, इस रिकॉर्ड को टैग करने वाले पहले व्यक्ति बनें!
|
| Thư viện lưu trữ: | Trung tâm Học liệu Trường Đại học Cần Thơ |
|---|
| LEADER | 00951nam a2200229Ia 4500 | ||
|---|---|---|---|
| 001 | CTU_179918 | ||
| 008 | 210402s9999 xx 000 0 und d | ||
| 020 | |c 35000 | ||
| 082 | |a 345.59703 | ||
| 082 | |b M305 | ||
| 100 | |a Dương, Tuyết Miên | ||
| 245 | 0 | |a Giáo trình tội phạm học | |
| 245 | 0 | |b (Dùng cho sinh viên và học viên cao học ngành luật) | |
| 245 | 0 | |c Dương Tuyết Miên | |
| 260 | |a Hà Nội | ||
| 260 | |b Chính trị Quốc gia | ||
| 260 | |c 2012 | ||
| 520 | |a Sách cung cấp cho bạn đọc tài liệu nghiên cứu, tham khảo cơ bản về tội phạm học như khái niệm, đối tượng nghiên cứu, phương pháp nghiên cứu tội phạm học, .... | ||
| 650 | |a Criminology,Tội phạm học | ||
| 650 | |z Vietnam,Việt Nam | ||
| 904 | |i Trinh, Bằng | ||
| 980 | |a Trung tâm Học liệu Trường Đại học Cần Thơ | ||